| 000 -LEADER |
| fixed length control field |
01482cam a22003134a 4500 |
| 001 - CONTROL NUMBER |
| control field |
13402065 |
| 005 - DATE AND TIME OF LATEST TRANSACTION |
| control field |
20221230185209.0 |
| 008 - FIXED-LENGTH DATA ELEMENTS--GENERAL INFORMATION |
| fixed length control field |
031113s2004 dcua 000 0 eng |
| 010 ## - LIBRARY OF CONGRESS CONTROL NUMBER |
| LC control number |
2003024788 |
| 020 ## - INTERNATIONAL STANDARD BOOK NUMBER |
| International Standard Book Number |
1559633743 (cloth : alk. paper) |
| 020 ## - INTERNATIONAL STANDARD BOOK NUMBER |
| International Standard Book Number |
1559633751 (pbk. : alk. paper) |
| 040 ## - CATALOGING SOURCE |
| Original cataloging agency |
DLC |
| Transcribing agency |
DLC |
| Modifying agency |
DLC |
| 042 ## - AUTHENTICATION CODE |
| Authentication code |
pcc |
| 050 00 - LIBRARY OF CONGRESS CALL NUMBER |
| Classification number |
QH541.15.R45 |
| Item number |
A88 2004 |
| 082 00 - DEWEY DECIMAL CLASSIFICATION NUMBER |
| Classification number |
333.71/53 |
| Edition number |
22 |
| 245 00 - TITLE STATEMENT |
| Title |
Assembly rules and restoration ecology : |
| Remainder of title |
bridging the gap between theory and practice / |
| Statement of responsibility, etc. |
edited by Vicky M. Temperton ... [et al.]. |
| 260 ## - PUBLICATION, DISTRIBUTION, ETC. |
| Place of publication, distribution, etc. |
Washington, D.C. : |
| Name of publisher, distributor, etc. |
Island Press, |
| Date of publication, distribution, etc. |
c2004. |
| 300 ## - PHYSICAL DESCRIPTION |
| Extent |
xv, 439 p. : |
| Other physical details |
ill. ; |
| Dimensions |
24 cm. |
| 440 #0 - SERIES STATEMENT/ADDED ENTRY--TITLE |
| Title |
Science and practice of ecological restoration |
| 650 #0 - SUBJECT ADDED ENTRY--TOPICAL TERM |
| Topical term or geographic name entry element |
Restoration ecology. |
| 650 #0 - SUBJECT ADDED ENTRY--TOPICAL TERM |
| Topical term or geographic name entry element |
Biotic communities. |
| 700 1# - ADDED ENTRY--PERSONAL NAME |
| Personal name |
Temperton, Vicky M. |
| 856 41 - ELECTRONIC LOCATION AND ACCESS |
| Materials specified |
Table of contents |
| Uniform Resource Identifier |
<a href="http://www.loc.gov/catdir/toc/ecip0411/2003024788.html">http://www.loc.gov/catdir/toc/ecip0411/2003024788.html</a> |
| 856 42 - ELECTRONIC LOCATION AND ACCESS |
| Materials specified |
Publisher description |
| Uniform Resource Identifier |
<a href="http://www.loc.gov/catdir/enhancements/fy0666/2003024788-d.html">http://www.loc.gov/catdir/enhancements/fy0666/2003024788-d.html</a> |
| 906 ## - LOCAL DATA ELEMENT F, LDF (RLIN) |
| a |
7 |
| b |
cbc |
| c |
orignew |
| d |
1 |
| e |
ecip |
| f |
20 |
| g |
y-gencatlg |
| 925 0# - |
| -- |
acquire |
| -- |
1 shelf copy |
| -- |
policy default |
| 925 1# - |
| -- |
acquire |
| -- |
2 shelf copies |
| -- |
policy default |
| 955 ## - COPY-LEVEL INFORMATION (RLIN) |
| -- |
jb04 2003-11-19 |
| -- |
jb20 2003-11-20 to dewey |
| -- |
pv11 2005-11-15 copy 2 to BCCD |
| -- |
jb14 2004-10-28 CIP ver. |
| -- |
jb18 2004-11-01 to BCCD |